000 00365nam a2200157Ia 4500
008 230524s9999 xx 000 0 und d
082 _a401.31
_bMCC
100 _aMC Comb Gondm
_910344
245 0 _aI Hate Winndows
250 _a1ST
260 _aNEW DELHI
_bPHI
_c1996
300 _aXII;372
500 _aQuantity Number: 1
650 _aComp-Sc
942 _cBK
999 _c14290
_d14290